| 000 | 00536 a2200169 4500 | ||
|---|---|---|---|
| 020 | _a9810249039 | ||
| 020 | _a9789810249038 | ||
| 082 | 0 | 4 | _a515 |
| 090 |
_c611 _d611 |
||
| 100 | 1 | _aComenetz, Michael. | |
| 245 | 1 | 0 |
_aCalculus : _bthe elements / _cMichael Comenetz. |
| 250 | _a1st ed. | ||
| 260 |
_a[S.l.] : _bWorld Scientific Pub Co Inc, _c2002. |
||
| 300 |
_a540 p. ; _c24 cm. |
||
| 942 |
_aSNS _cBK _k515 COM |
||
| 999 |
_c29241 _d29241 |
||